En Acción A2. Libro del alumno. Curso de español con enfoque orientado a la acción

Сохранить в:
Библиографические подробности
Главный автор: Verdía, Elena (coordinadora)
Другие авторы: González, Marisa (autora), Martín, Felipe (autor), Molina, Inmaculada (autora), Rodrigo, Conchi (autora), Puertas, Ernesto (autor)
Формат:
Опубликовано: Madrid, España: enClave-ELE, 2011.
Серии:En acción
Предметы:
Метки: Добавить метку
Нет меток, Требуется 1-ая метка записи!

MARC

LEADER 00000nam a22000007a 4500
003 CL-VaPUC
005 20240812114148.0
008 240807t2011 ||||| |||| 00| 0 eng d
999 |c 444404  |d 444402 
020 |a 978-84-15299-02-8 
040 |c Pontificia Universidad Católica de Valparaíso 
082 7 |2 22  |a 465 VER 2011 
100 |a Verdía, Elena  |e coordinadora  |9 890612 
245 |a En Acción A2. Libro del alumno.   |b Curso de español con enfoque orientado a la acción 
260 |a Madrid, España:  |b enClave-ELE,  |c 2011. 
300 |a 127 páginas;   |b + 1 CD. 
490 |a En acción 
500 |a c.1 Entregados por Profesor René Venegas 07-08-2024 
583 |c 20240807  |k Catalogador Asistente 
650 0 |9 890161  |a Lengua española  |v Ejercicios y problemas  |x Gramática 
650 0 |9 890126  |a Spanish language  |x Exercises and problems  |x Gramma  
700 |a González, Marisa  |e autora  |9 890613 
700 |a Martín, Felipe   |e autor  |9 890559 
700 |a Molina, Inmaculada   |e autora  |9 890560 
700 |a Rodrigo, Conchi  |e autora  |9 890561 
700 |a Puertas, Ernesto  |e autor  |9 890562 
942 |2 ddc  |c BK 
952 |0 0  |1 0  |2 ddc  |4 0  |6 465_000000000000000_VER_2011  |7 0  |8 A  |9 596219  |a BIBGIM  |b BIBGIM  |d 2024-08-07  |i 5662330  |o 465 VER 2011  |p 5662330  |r 2025-01-15  |t 1  |w 2024-08-07  |y BK  |k ELE